Responses for show #3833 - Wednesday, April 11, 2001

Contestants

[<< previous game]

Mark Bordley, a sales manager from Sammamish, Washington

Matt Bromund, a lawyer originally from Nashville, Tennessee

Donna Rosen, a housewife from Studio City, California

[next game >>]

Jeopardy! Round responses

SCIENCE CLASS
SHOW BIZ SAYINGS
DAWN
LADY OF SPAIN
AKA
(Alex: Also known as)
"JACK" BE NIMBLE
    $100 16
Sunspots

Mark
    $100 1
Go on

Matt
    $100 2
(Matt: What is soap?)
(Alex: Be more specific...)
(Matt: Dish soap)

Dishwashing liquid

Matt
    $100 26
Catherine of Aragon

Matt
    $100 11
Minnie

Donna
    $100 21
Flapjack

Mark
    $200 17
Herbivore

Matt
    $200 4
Your lines

Donna
    $200 3
Red Dawn

Donna
    $200 27
Arantxa Sanchez Vicario

Triple Stumper
    $200 12
Becker

Mark
    $200 22
Union Jack

Donna
    $300 18
Chromosomes

Mark
    $300 5
(Mark: What is television?)

Camera

Mark
    $300 8
"The Age Of Aquarius"

Matt
    $300 28
Nun

Matt
    $300 13
"Stone Cold" Steve Austin

Mark
    $300 23
Lumberjack

Matt
    $400 19
Silver

Mark
    $400 6
There are just small actors

Mark
    $400 9
(Matt: Who was Da Vinci?)

Michelangelo

DonnaMatt
    $400 29
Cuba

Triple Stumper
    $400 14
Apple

Mark
    $400 24
Jackrabbit

Matt
    $1,000 20
Adrenaline

Mark
    $500 7
Children or animals

Matt
    $500 10
W.E.B. Du Bois

Mark
    $500 30
St. Teresa of Avila

Triple Stumper
    $500 15
Tim Allen

Mark
    $500 25
(Alex: That's one of the members of our staff, but we keep him that way all the time!)

Straitjacket

Matt

Scores at the first commercial break (after clue 15):

Donna Matt Mark
$900 $600 $2,600

Scores at the end of the Jeopardy! Round:

Donna Matt Mark
$1,100 $2,400 $4,500

Double Jeopardy! Round responses

U.S. CITIES
OLD RADIO ADVENTURES
EXPLORERS
DESSERT TIME
BODY OF LITERATURE
BEGINS & ENDS IN "K"
    $200 6
St. Louis

Matt
    $200 20
Lois Lane

Donna
    $200 16
(Matt: What is the Mississippi?)

Missouri

MattMark
    $200 1
Brownie

Matt
    $200 11
Heart

Matt
    $200 26
Kick

Donna
    $400 7
Pierre

Mark
    $400 21
Basil Rathbone

Matt
    $400 17
Arabia

Matt
    $400 2
Red hots

Donna
    $400 12
Leg

Triple Stumper
    $400 27
Knock

Mark
    $600 8
Dayton

Mark
    $600 22
Ozzie & Harriet

Donna
    $600 18
Kamchatka Peninsula

Mark
    $600 3
The cannoli

Matt
    $600 13
Nose

Triple Stumper
    $600 28
Kojak

Mark
    $800 9
Billings

Donna
    $800 24
(Mark: Who is Marlowe?)

Sam Spade

MattMark
    $700 19
(Mark: Who was Hudson?)

Giovanni Da Verrazzano

Mark
    $1,500 4
(Alex: That's where they make it.)

Jack Daniel's

Matt
    $800 14
(Matt: What are eyes?)

Eye

DonnaMatt
    $800 29
Keokuk

Triple Stumper
    $1000 10
Huntsville

Donna
    $1000 25
(Alex: Now's the time for Marlowe, & we have a minute to go...)

Philip Marlowe

Mark
    $1000 23
La Salle

Donna
    $1000 5
Lattice

Donna
    $1000 15
Neck

Donna
    $1000 30
Lubos Kohoutek

Donna

Scores at the end of the Double Jeopardy! Round:

Donna Matt Mark
$9,100 $5,700 $6,800

[wagering suggestions for these scores]

Final Jeopardy! Round responses

BIBLICAL GEOGRAPHY
MattWhat is Lip?
$0
MarkWhat is Goshen
$6,795
DonnaWhat is Casandra
$100
Gilead

Final scores:

Donna Matt Mark
$9,000 $5,700 $5
New champion: $9,000 2nd place: a trip to Florida's Space Coast 3rd place: a bikeshop.com gift certificate

Game dynamics:

Coryat scores:

Donna Matt Mark
$9,100 $5,000 $7,000
16 R,
0 W
18 R
(including 1 DD),
3 W
19 R
(including 1 DD),
2 W
(including 1 DD)

Combined Coryat: $21,100

The J! Archive is created by fans, for fans. The Jeopardy! game show and all elements thereof, including but not limited to copyright and trademark thereto, are the property of Jeopardy Productions, Inc. and are protected under law. This website is not affiliated with, sponsored by, or operated by Jeopardy Productions, Inc. Join the discussion at JBoard.tv.